|
|
|
|
| LEADER |
02298nam a2200433 a 4500 |
| 001 |
EBC3037833 |
| 003 |
MiAaPQ |
| 005 |
20200520144314.0 |
| 006 |
m o d | |
| 007 |
cr cn||||||||| |
| 008 |
070914s2008 txuab sb 001 0 eng d |
| 010 |
|
|
|z 2007037686
|
| 020 |
|
|
|z 9781603440134 (cloth : alk. paper)
|
| 020 |
|
|
|z 1603440135 (cloth : alk. paper)
|
| 020 |
|
|
|a 9781603444361 (electronic bk.)
|
| 035 |
|
|
|a (MiAaPQ)EBC3037833
|
| 035 |
|
|
|a (Au-PeEL)EBL3037833
|
| 035 |
|
|
|a (CaPaEBR)ebr10432095
|
| 035 |
|
|
|a (OCoLC)698589272
|
| 040 |
|
|
|a MiAaPQ
|c MiAaPQ
|d MiAaPQ
|
| 043 |
|
|
|a n-mx---
|a n-us-tx
|
| 050 |
|
4 |
|a HD8039.C662
|b M589 2008
|
| 082 |
0 |
4 |
|a 338.1/735109721
|2 22
|
| 100 |
1 |
|
|a Walsh, Casey.
|
| 245 |
1 |
0 |
|a Building the borderlands
|h [electronic resource] :
|b a transnational history of irrigated cotton along the Mexico-Texas border /
|c Casey Walsh.
|
| 250 |
|
|
|a 1st ed.
|
| 260 |
|
|
|a College Station :
|b Texas A&M University Press,
|c c2008.
|
| 300 |
|
|
|a 234 p. :
|b ill., maps.
|
| 490 |
1 |
|
|a Environmental history series ;
|v no. 22
|
| 504 |
|
|
|a Includes bibliographical references and index.
|
| 505 |
0 |
|
|a Introduction : social fields of cotton -- Cotton and capitalism in the borderlands, 1820-1920 -- Developmentalism in Northern Mexico, 1910-1934 -- The social field of development : land and labor in the Rio Bravo/Rio Grande Delta, 1780-1930 -- Crisis and development in the Rio Bravo Delta, 1930-1935 -- Cardenista engineering, the Anderson Clayton Company, and rural unrest in the Rio Bravo Delta, 1935-1939 -- Repatriation in the Rio Bravo Delta, 1935-1940 -- Defining development in the Rio Bravo Delta, 1940-1963 -- Conclusion : historicizing the borderlands.
|
| 533 |
|
|
|a Electronic reproduction. Ann Arbor, MI : ProQuest, 2015. Available via World Wide Web. Access may be limited to ProQuest affiliated libraries.
|
| 650 |
|
0 |
|a Cotton farmers
|z Mexican-American Border Region
|x History.
|
| 650 |
|
0 |
|a Cotton trade
|z Mexican-American Border Region
|x History.
|
| 650 |
|
0 |
|a Irrigation farming
|z Mexican-American Border Region
|x History.
|
| 655 |
|
4 |
|a Electronic books.
|
| 710 |
2 |
|
|a ProQuest (Firm)
|
| 830 |
|
0 |
|a Environmental history series ;
|v no. 22.
|
| 856 |
4 |
0 |
|u https://ebookcentral.proquest.com/lib/matrademy/detail.action?docID=3037833
|z Click to View
|